00308nam a2200133Ia 4500100002900000650002400029366000700053654002400060245002400084260001900108082001600127300000800143546002300151 aMital/Anil/ Desai/Anoop  aproduct development f25 aproduct development aProduct development bSpringerc2008 a670.42bMIT a425 aENGLISHcInfo.Tech